00733nam a2200229Ia 4500003000400000005001700004008004100021020001800062040000700080082001700087100002000104245004500124250000800169260003800177300003200215500001900247600002100266650005000287942001200337952013700349999001700486OSt20241023055835.0240925s9999 xx 000 0 und d a9788126541256 csd a004.6782 BUY aRajkumar Buyya 0aCloud Computing: principles and programs a1st aNew Delhi:bWiley Easternc,2014. aVarious pagesbNAfOriginal aIncludes Index aComputer Science aComputer science, information & general works cBK2ddc 001040708CSaUITUbUITUd2015-12-14eParamount Book Pvt Ltdg748.44l0o004.6782 BUYpQ10646r2024-09-25 07:15:47w2024-09-25yBK c13145d13145